Statistics for April 7th: Birthdays

Click here to take the quiz!

General Stats

  • This quiz has been taken 9 times
  • The average score is 3 of 9

Answer Stats

YearClueAnswer% Correct
1964Actor in GladiatorRussell Crowe
78%
1915The movie Lady Sings the Blues is about her lifeBillie Holiday
56%
1920Bengali musician who helped organized the Concert of BangladeshRavi Shankar
56%
1939Director of The GodfatherFrancis Coppola
44%
1938Governor of CaliforniaJerry Brown
22%
1954Actor in Rumble in the BronxJackie Chan
11%
1740Helped finance the American RevolutionHaym Salomon
0%
1929American mobsterJoe Gallo
0%
1770Wrote The PreludeWilliam Wordsworth
0%

Score Distribution

Percentile by Number Answered

Percent of People with Each Score

Your Score History

You have not taken this quiz